000 00570nam a22001817a 4500
005 20251108173130.0
008 250721s2002 xx 000 0 ara d
082 1 4 _aط/210.79/طهط
100 1 _aالطهطاوي، احمد عبد العال
245 1 0 _aاختبر معلوماتك الإسلامية واللغوية /
264 1 _aالقاهرة :
_bمكتبة الصفا،
_c2002.
300 _a160 ص.
650 1 7 _aالمسابقات
650 1 7 _aالثقافة
653 _aناشاون صغار (10-14) سنه
942 _2ddc
_cBK
999 _c96795
_d96795